|
|
|
|
| LEADER |
01294nam a2200325 a 4500 |
| 001 |
000008717 |
| 003 |
CZ BrMZK |
| 005 |
20210222125506.0 |
| 007 |
ta |
| 008 |
940211s1993 xr a f cze d |
| 015 |
|
|
|a cnb000082870
|
| 020 |
|
|
|a 80-7068-066-0
|c 30.00
|
| 040 |
|
|
|a BOA001
|b cze
|
| 080 |
9 |
|
|a 37.013:792(082)
|
| 080 |
9 |
|
|a 372.87:792(082)
|
| 100 |
1 |
|
|a Valenta, Josef,
|d 1954-
|7 jn19981002291
|4 aut
|
| 245 |
1 |
0 |
|a Pohledy :
|b projektová metoda ve škole a za školou /
|c sestavil Josef Valenta ... [et al.]
|
| 250 |
|
|
|a 1. vyd.
|
| 260 |
|
|
|a Praha :
|b IPOS ARTAMA,
|c 1993
|
| 300 |
|
|
|a 61 s. :
|b il.
|
| 653 |
0 |
|
|a projektová metoda
|
| 856 |
4 |
1 |
|u http://www.digitalniknihovna.cz/mzk/uuid/uuid:66a0d270-9bad-11e3-a744-005056827e52
|y Digitalizovaný dokument
|x NDK
|
| 910 |
|
|
|a BOA001
|b 4-0996.219
|b PK-N-0031.082
|
| 920 |
|
|
|a 000058274
|
| 964 |
|
|
|a Výchova dramatická - sborníky
|
| 964 |
|
|
|a Výchova - metoda projektová - sborníky
|
| 990 |
|
|
|a BK
|
| 996 |
7 |
|
|b 2610005471
|c 4-0996.219
|l MZK
|r Sklad / do 1 hodiny
|n 76
|p p.v.
|w 000008717
|u 000010
|a 1
|e BOA001
|j MZK50
|s A
|
| 996 |
7 |
|
|b 3119949386
|c PK-N-0031.082
|l MZK
|r Sklad / do 1 hodiny
|n 80
|w 000008717
|u 000030
|a 1
|e BOA001
|j MZK50
|s A
|
| 996 |
7 |
|
|b 3119974765
|c PK-N-0031.082
|l MZK
|r Sklad / do 1 hodiny
|n 83
|w 000008717
|u 000020
|a 1
|e BOA001
|j MZK50
|s A
|